00734 2200205 4500001002100000005001500021035002000036008004100056245002900097100001500126250000600141260003800147300001200185084001400197082000800211650001000219520027500229990001200504990001200516INLIS00000000000093420240603074749 a0010-0524000169240603 1 ind 1 aLittle Love /cHoney Dee aDee, Honey a1 aYogyakarta :bSheila/ Andi,c2019 a244 hlm a813 HON l a813 4aFiksi aNovel ini menceritakan tentang Levina Natasha Sandoro atau bisa dipanggil Levy. Levy adalah anak dari seorang ilmuwan terkenal Dimas Sandoro dan Nensi Anwar. Meski orang tuanya terkenal, namun itu tidak membuat Levy juga menjadi ikut terkenal seperti kedua orangtuanya. a0741622 a0741623